| 000 | 00582nam a2200145Ia 4500 | ||
|---|---|---|---|
| 008 | 170221s9999 xx 000 0 und d | ||
| 100 | _aMuhammad Azuan Anif Ghazali | ||
| 245 | _aLiterature Mapping: Critical Factors in IBS Plastic Formwork Application | ||
| 245 | _cMuhammad Azuan Anif Ghazali, Nur Fadhilah Bahardin, Mohd Azian Zaidi, Mohd Nurfaisal Baharuddin, Mohd Reeza Yusof | ||
| 260 | _bInternational Review of Management and Marketing | ||
| 260 | _c2012 | ||
| 300 | _a2 : 2 | ||
| 650 | _xMarketing. | ||
| 856 | _uhttp://www.econjournals.com/index.php/irmm/issue/view/91 | ||
| 999 |
_c314039 _d314039 |
||